Arrondissements de Bretagne – Carte Quiz - Statistiques

Statistiques générales
  • Ce quiz a été pris 85 fois
  • Le résultat moyen est 11 sur 15
Réponses sur la Carte
Les réponses sont colorées sur une échelle allant du rouge au vert en fonction du pourcentage des utilisateurs qui les ont devinées à leur premier essai. Vous pouvez retrouver ces pourcentages ci-dessous.
 
Statistiques - réponses
Réponse % Correct
Rennes
84%
Pontivy
82%
Quimper
82%
Vannes
82%
Brest
79%
Lorient
79%
Redon
77%
Dinan
75%
Fougères-Vitré
75%
Saint-Brieuc
73%
Saint-Malo
71%
Morlaix
70%
Châteaulin
64%
Lannion
64%
Guingamp
61%
Aucun quiz correspondant
Distribution des résultats
% des personnes avec chaque résultat
Percentile par nombre de réponses
Votre historique - résultats
Vous n’avez pas pris ce quiz